00353nam a2200133 a 450008200170000010000200001724500390003726000460007630000090012250000350013150500170016665000160018370000200019900a340.59bAHM2 aAhmad, Khurshid aStudies in the Family Law of Islam aKarachibChiragh-E-Rah Publicationsc1961 a254p aincludes index and biblioraphy2 abibliography aIslamic-Law1 aAhmad, Khurshid